| 000 | 00000cam 2200000zi 4500 |
| 001 | 9.963281 |
| 003 | CaOODSP |
| 005 | 20260603112116 |
| 006 | m o d f |
| 007 | cr |n||||||||| |
| 008 | 260603e20260526oncdb ob f|0| 0 fre d |
| 040 | |aCaOODSP|bfre|erda|cCaOODSP |
| 043 | |an-cn--- |
| 086 | 1 |aYN5-315/2026F-PDF |
| 100 | 1 |aNahornick, Nora, |eauteur. |
| 245 | 10|aExamen des répercussions administratives et financières du Programme fédéral de santé intérimaire / |cNora Nahornick, conseillère-analyste. |
| 264 | 1|aOttawa : |bBureau du directeur parlementaire du budget = Office of the Parliamentary Budget Officer, |c26 mai 2026. |
| 264 | 4|c©2026 |
| 300 | |a1 ressource en ligne (40 pages) : |bcarte, graphiques |
| 336 | |atexte|btxt|2rdacontent/fre |
| 337 | |ainformatique|bc|2rdamedia/fre |
| 338 | |aressource en ligne|bcr|2rdacarrier/fre |
| 500 | |aPublié aussi en anglais sous le titre : Reviewing the administrative and fiscal impacts of the Interim Federal Health Program. |
| 504 | |aComprend des références bibliographiques (pages 36-40). |
| 650 | 6|aAssurance-maladie|zCanada|xÉvaluation. |
| 650 | 6|aRéfugiés|xSoins médicaux|xPolitique gouvernementale|zCanada|xÉvaluation. |
| 650 | 6|aRéfugiés|xSoins médicaux|zCanada|xFinances. |
| 710 | 1 |aCanada. |bBureau du Directeur parlementaire du budget, |eorganisme de publication. |
| 775 | 08|tReviewing the administrative and fiscal impacts of the Interim Federal Health Program / |w(CaOODSP)9.963138 |
| 856 | 40|qPDF|s669 Ko|uhttps://publications.gc.ca/collections/collection_2026/dpb-pbo/YN5-315-2026-fra.pdf |
| 856 | 4 |qHTML|sS.O.|uhttps://www.pbo-dpb.ca/fr/publications/RP-2627-005-C--reviewing-administrative-fiscal-impacts-interim-federal-health-program--examen-repercussions-administratives-financieres-programme-federal-sante-interimaire |